000 00422nam a2200157 4500
001 113353
003 ES-MaACL
005 20230906185846.0
007 t|
008 061121s1978 cl r ||||1| spa d
100 1 _aPalacios, Jorge.
_988403
245 1 0 _aChile
_b: un ensayo de compromiso histórico.
260 _aBarcelona :
_bEd. 7 1/2,
_c1978.
300 _a272 p. ;
_c24 cm.
852 _aES-MaACL
_jA-9015
_bR.98321
999 _c113353
_d113353